Instructional technology / (Record no. 134955)

MARC details
000 -LEADER
fixed length control field 00780nam a22002657a 4500
003 - CONTROL NUMBER IDENTIFIER
control field 0
005 - DATE AND TIME OF LATEST TRANSACTION
control field 20180711124509.0
008 - FIXED-LENGTH DATA ELEMENTS--GENERAL INFORMATION
fixed length control field 0
010 ## - LIBRARY OF CONGRESS CONTROL NUMBER
LC control number B-216367
020 ## - INTERNATIONAL STANDARD BOOK NUMBER
Terms of availability 00.00
International Standard Book Number 8176487031
035 ## - SYSTEM CONTROL NUMBER
System control number B-216367, B-216368
037 ## - SOURCE OF ACQUISITION
Source of stock number/acquisition Cen Lib/Ret
040 ## - CATALOGING SOURCE
Original cataloging agency DPL
Language of cataloging EN
Transcribing agency 0
082 ## - DEWEY DECIMAL CLASSIFICATION NUMBER
Classification number 371.3078
Item number RAO
100 ## - MAIN ENTRY--PERSONAL NAME
Personal name Rao, V. K
9 (RLIN) 1596
245 ## - TITLE STATEMENT
Title Instructional technology /
Statement of responsibility, etc by V.K.Rao
246 ## - VARYING FORM OF TITLE
Remainder of title
260 ## - PUBLICATION, DISTRIBUTION, ETC. (IMPRINT)
Name of publisher, distributor, etc A.P.H Publishing Corporation
Date of publication, distribution, etc 2005
Place of publication, distribution, etc New Delhi
270 ## - ADDRESS
Address 5, Ansari Road, Daryaganj
City New Delhi
Postal code 110002
300 ## - PHYSICAL DESCRIPTION
Extent 276p.
Dimensions 20cm(Hb)
500 ## - GENERAL NOTE
General note Includes bibliographical references and index<br/>
650 ## - SUBJECT ADDED ENTRY--TOPICAL TERM
Topical term or geographic name as entry element Educational technology
9 (RLIN) 8111
650 ## - SUBJECT ADDED ENTRY--TOPICAL TERM
Topical term or geographic name as entry element Instructional systems -- Design
9 (RLIN) 42259
942 ## - ADDED ENTRY ELEMENTS (KOHA)
Source of classification or shelving scheme Dewey Decimal Classification
Koha item type English Books
Classification part 371.3078
Call number suffix RAO
Holdings
Withdrawn status Lost status Damaged status Not for loan Home library Current library Date acquired Source of acquisition Cost, normal purchase price Total Checkouts Full call number Barcode Date last seen Date checked out Copy number Cost, replacement price Price effective from Koha item type Source of classification or shelving scheme Collection code
        Central Library Central Library 01/08/2015 Cen Lib/Ret 0.00 1 371.3078 RAO B-216367 17/05/2022 29/04/2022 1 0.00 01/08/2015 English Books    
        Patel Nagar Patel Nagar 11/07/2018 BPPD/PUB 0.00   371.3078 RAO B-216368 11/07/2018     0.00 11/07/2018 English Books Dewey Decimal Classification Non-fiction
        Sarojini Nagar Sarojini Nagar 14/10/2018       371.3078 RAO B-216369 14/10/2018       14/10/2018 English Books Dewey Decimal Classification Non-fiction

© Delhi Public Library
Hit Counter
free hit counter